Quizzes
Events
Quiz Creation
Community
Videos
Private Events
Remove Ads
Sign In
Join for FREE
Feedback
Dark Mode
Quiz Categories
Sports
Geography
Music
Movies
Television
Just For Fun
Miscellaneous
History
Literature
Language
Science
Gaming
Entertainment
Religion
Holiday
For Kids
Quiz Lab
Recent
Popular Today
Quiz Kudos Today
Editor Picks
Curator Picks
Quizzes by...
Day
Popularity
Type
Ratings
Length
Year
Community
Subscriptions
Recent Discussions
Orange Saloon
Badges
Playlists
Quests
Create
Leaderboards
Showdown
Live 5
Trivia Bingo
Activity
Puzzle Library
Sporcle Events
Private Events
Virtual Trivia
Globe League
Become a Host
Pub Owners
SporcleCon
Opinionation
Our Games
Videos
Blog
Mobile Apps
Partnerships
Remove Ads and Go Orange
Feedback
Sports
Athletes
MLB
NBA
NHL
NFL
Soccer
Sports Teams
WWE
NCAA
Football
Premier League
Basketball
Baseball
Hockey
Golf
Tennis
Cricket
Rugby
Auto Racing
Olympics
World Cup
Sports
Athletes
MLB
NBA
NHL
NFL
Soccer
Sports Teams
WWE
NCAA
Football
Premier League
Basketball
Baseball
Hockey
Golf
Tennis
Cricket
Rugby
Auto Racing
Olympics
World Cup
Random Quiz
Search Sporcle
×
Quiz Lab
Quiz Lab
Sports
MVP
Type in answers that appear in a list
Type in answers that appear in a list
Classic
Best Score? Go Orange.
MVP's in the 4 Big US Sports Stats
Can you name the MVP's in the 4 Big US Sports ?
By
johnwall11
10m
50 Questions
685 Plays
685 Plays
685 Plays
Comments
Comments
Give Quiz Kudos
Give Quiz Kudos
-
- Ratings
hide this ad
Replay
Link that replays current quiz
Next Quiz
Link to next quiz in quiz playlist
You Got
0%
They Got
Avg Score
83%
Avg Friend Score
Upgrade to see
Score Distribution
Jump to the score distribution portion of the page
Score
0/50
Timer
10:00
0
Plays Today
Team
% Correct
Cleveland Cavaliers
Lebron James
98.7%
Cleveland Cavaliers
Lebron James
98.7%
Indianapolis Colts
Peyton Manning
98.4%
Indianapolis Colts
Peyton Manning
98.4%
Indianapolis Colts
Peyton Manning
98.4%
New England Patriots
Tom Brady
98%
Los Angeles Lakers
Kobe Bryant
97.8%
Phoenix Suns
Steve Nash
97.4%
Phoenix Suns
Steve Nash
97.4%
San Antonio Spurs
Tim Duncan
96.4%
San Antonio Spurs
Tim Duncan
96.4%
Texas Rangers
Alex Rodriguez
96.1%
New York Yankees
Alex Rodriguez
96.1%
San Francisco Giants
Barry Bonds
96.1%
San Francisco Giants
Barry Bonds
96.1%
San Francisco Giants
Barry Bonds
96.1%
San Francisco Giants
Barry Bonds
96.1%
St. Louis Cardinals
Albert Pujols
95.5%
St. Louis Cardinals
Albert Pujols
95.5%
St. Louis Cardinals
Albert Pujols
95.5%
Philadelphia 76ers
Allen Iverson
95.2%
Dallas Mavericks
Dirk Nowitzki
95%
San Diego Chargers
LaDanian Tomlinson
94.7%
St. Louis Rams
Kurt Warner
94.6%
Minnesota Timberwolves
Kevin Garnett
94.3%
Team
% Correct
Pittsburgh Penguins
Sidney Crosby
92.7%
Minnesota Twins
Joe Mauer
91.2%
Washington Capitals
Alexander Ovechkin
90.7%
Washington Capitals
Alexander Ovechkin
90.7%
St. Louis Rams
Marshall Faulk
89.6%
Seattle Seahawks
Shaun Alexander
89.6%
Tennessee Titans
Steve McNair
85.4%
Oakland Raiders
Rich Gannon
85.1%
Phiadelphia Phillies
Jimmy Rollins
85.1%
Boston Red Sox
Dustin Pedroia
82.3%
Minnesota Twins
Justin Morneau
81.2%
Oakland Athletics
Jason Giambi
79.9%
Seattle Mariners
Ichiro Suzuki
75.9%
Anaheim Angels
Vladimir Guerrero
74.2%
Philadelphia Phillies
Ryan Howard
70.7%
San Francisco Giants
Jeff Kent
68%
New York Yankees
Alex Rodriguez
66.9%
Oakland Athletics
Miguel Tejada
59.3%
Pittsburgh Penguins
Jaromir Jagr
57.2%
Colorado Avalanche
Joe Sakic
54.9%
San Jose Sharks
Joe Thornton
52.1%
Colorado Avalanche
Peter Forsberg
46.3%
St. Louis Blues
Chris Pronger
31.1%
Montreal Canadiens
Jose Theodore
24.8%
Tampa Bay Lightning
Martin St. Louis
19.1%
Quiz Playlist
Details
Report
Send in Message
Add To Playlist
Classic:
Type in answers that appear in a list
Last Updated: Feb 16, 2017
Quiz Scoreboard
CHALLENGE
Sign Up to Join the Scoreboard
Show All
Scores
Hide
Comments
May contain spoilers
Recently Published
9x9 Crossword: Cartoon Network
by jackfrog10
Miscellaneous
3m
College Basketball Coaching Resumes
by pancakes188
Sports
9m
Billboard Blitz: Fleetwood Mac
by CooCooCachoo
Music
15s
More to Explore
Quiz From the Vault
Featured Blog Post
Where Did the Easter Bunny Come From?
hide this ad
You Might Also Like...
Tags
MVP
team
US Sports
Today's Top Quizzes in Sports
Browse Sports
hide this ad
Today's Top Quizzes in MVP
Browse MVP
Top Contributed Quizzes in Sports
1
2022 World Cup Stars
2
Les meilleurs buteurs des matchs entre le PSG et l’OM
3
FIFA Club World Cup Champions
4
Les entraîneurs de l'OM et du PSG au 21e siècle
5
Criteria MLB: Left Handed Sluggers
6
AFC Teams Reveal (Wrong Answers Minefield)
7
2023 MLB Unique Player Accomplishments
8
5-to-1: FBS Animal Nicknames
9
Players with Multiple 50 Home Run Seasons
10
5-to-1: UK Sports Teams
Explore More
Trending Topics
Disney
Crossword
Anime
Kpop
NBA
Marvel
Harry Potter
Song
Soccer
Pokémon
Puzzle
NFL
The Office
Country
WWE
hide this ad
More By:
johnwall11
Quiz
Plays
Rating
Category
Featured
Created
Top 15 UFC Light-Heavyweight Contenders
966
1.83
Sports
Apr 30, 2010
MVP's in the 4 Big US Sports
685
1.70
Sports
May 4, 2010
2009-2010 UK Mens Basketball Roster
91
Sports
Apr 30, 2010
Go to Creator's Profile
Score Distribution
Quiz Creator Spotlight
johnwall11
Follow
Send a Message
Quizzes Created
-
Created Quiz Play Count
-
More By This Creator
Popular Quizzes Today
1
Find the US States - No Outlines Minefield
2
Find the Countries of Europe - No Outlines Minefield
3
The Countries of the World
4
Find the US States
5
Risky Map Clicking: Biggest States A-Z
6
US States
7
Popular People in 1961
8
Movies - When Are They Set?
More Sports Quizzes
Most Matches Won (US Open)
Published
Trending Quizzes
Risky Map Clicking: Least Populous States A-Z
1-10 Letter G Words
1-10 Letter F Words
Risky Map Clicking: Next State Alphabetically
Adjectives in 80s TV Shows
Recently Updated
Leaping Animals
pecheneg
Reality TV Shows (A-Z)
bhenderson79
Rickey Henderson's Hall of Fame Teammates
pecheneg
Champions League XIs: Arsenal
pecheneg
Quick Pick: Celebrities in WWE's Hall of Fame
aduchscher
A-Z Keypad Blitz II
pecheneg
Multiple Oscar Actors
pecheneg
Mystery Phrase Blitz: Oscar 'Best Actors'
pecheneg
F. Scott Fitzgerald Novels
LTH
Pick 3 Villains
ddd62291
Trending Topics
Harry Potter
Anime
Kpop
Crossword
NBA
Marvel
Disney
WWE
NFL
The Office
Country
Puzzle
Soccer
Song
Pokémon
Your Account Isn't Verified!
In order to create a playlist on Sporcle, you need to verify the email address you used during registration. Go to your
Sporcle Settings
to finish the process.
Report this User
Report this user for behavior that violates our
Community Guidelines
.
Details:
Send Report
Go to the Sporcle.com Mobile Site →
Comments